000 00811cam a2200313 i 4500
001 0000845
003 DO-SdBNP
005 20180219104427.0
007 0000845
008 100514s 2007 xxu a | |||| 000 f spa
015 _a
017 _a
_b
020 _a9780764137228
020 _a0764137228
035 _a
040 _aBPMSU
_bspa
_cBPMSU
_e
080 _a
100 1 _aStrathmann, Alexis
245 1 0 _aKirby´s circus /
_h
_cAlexis Strathmann ; ilustración Gary Krejca
260 _aHauppauge, New York :
_bBarron´s,
_c2007.
300 _a24 p.:
_bil.
_c23 cm.
490 1 _aReader´s clubhouse
500 _aLever 3.
700 1 _aKrejca, Gary
_eil.
830 0 _aReader´s clubhouse
942 _2ddc
_cBK
945 _aInventariado, 2018 / BT
956 _aYLOCKWARD
_810
_cBPMSU
999 _c12191
_d12191